Countries in Europe that don't use 5G - Statistics

General Stats
  • This quiz has been taken 140 times
  • The average score is 4 of 6
Answer Stats
Expected year Country % Correct
2024 Bosnia and Herzegovina
94%
2025 Kosovo
91%
2024 Moldova
88%
*No data North Macedonia
71%
2025 Armenia
15%
2024 Georgia
15%
No matching quizzes found
Score Distribution
Percent of People with Each Score
Percentile by Number Answered
Your Score History
You have not taken this quiz